| 000 | 00785nam a22002057a 4500 | ||
|---|---|---|---|
| 999 |
_c9114 _d9114 |
||
| 003 | AR-CdUCM | ||
| 008 | 190327b ||||| |||| 00| 0 spa d | ||
| 040 |
_aMUNICIPALIDAD PROVINCIAL DEL CUSCO _cBIBLIOTECA MUNICIPAL DEL CUSCO |
||
| 082 |
_a869.56 / _bK76 |
||
| 100 |
_aKorawa Mormontoy, Alexander, _924242 |
||
| 245 |
_aSusurros de una escuela rural : _brelatos y poesías / |
||
| 260 |
_aLa Convención, _bLima : Gráfica Ramos _c 2016 |
||
| 300 |
_a98 paginas , _c21 cm. |
||
| 505 | _aContenido :Historia de la escuela -- La primera comunión en la escuela -- Un pino -- El corazón de dice que hay -- La familia escolar ... | ||
| 650 |
_aRelatos y poesias _925126 |
||
| 650 |
_aEscuelas _98170 |
||
| 650 |
_aHistorias cusqueñas _925127 |
||
| 942 |
_2ddc _cLIBROS |
||
| 945 | _awnts | ||